Stati sopra o sotto il Tropico del Cancro? - Quiz n°6 - Statistics

Statistiche generali
  • Questo quiz è stato fatto 6 volte
  • Il punteggio medio è 8 su 10
Statistiche sulle risposte
Hint Risposta % Corretto
Giappone Nord del Tropico del Cancro
100%
Turkmenistan Nord del Tropico del Cancro
100%
Cipro Nord del Tropico del Cancro
83%
Andorra Nord del Tropico del Cancro
83%
Eritrea Sud del Tropico del Cancro
83%
Sierra Leone Sud del Tropico del Cancro
83%
Iraq Nord del Tropico del Cancro
67%
Venezuela Sud del Tropico del Cancro
67%
Thailandia Sud del Tropico del Cancro
50%
Belize Sud del Tropico del Cancro
50%
Nessun quiz corrispondente trovato
Distribuzione punteggi
Percentuale di utenti per punteggio
Percentile per numero di risposta
I tuoi punteggi nel tempo
Non hai fatto questo quiz